History Quiz

Random History or Clickable Quiz
Score 0/30 Timer 06:00
0 Plays Today
% Correct
Taj
97.8%
Notre
97.2%
Machu
96.9%
Forbidden
94%
Frank
92.3%
Stained
89.2%
Space
88.4%
Angkor
84.5%
Hagia
84.3%
Art
80.8%
Flying
80.7%
Triumphal
76.5%
Circus
75.4%
Burj
74.4%
Sagrada
72.9%
% Correct
Onion
68.4%
Frank
67.3%
Antoni
65.3%
Beaux
60.7%
Le
59.8%
I.M.
58.4%
Barrel
57%
Mikhail
45.7%
Taipei
43.1%
Mansard
42.8%
Casa
38.5%
Palazzo
38%
Maya
36%
De
34%
Andrea
31.8%

You're not logged in!

Compare scores with friends on all Sporcle quizzes.
OR
Log In

Sporcle TV

Today on Sporcle TV


Watch our educational content, quiz creation guides, and fun videos on Sporcle TV.

Show Comments

Extras

Top Quizzes Today


Score Distribution

Your Account Isn't Verified!

In order to create a playlist on Sporcle, you need to verify the email address you used during registration. Go to your Sporcle Settings to finish the process.

Report this User

Report this user for behavior that violates our Community Guidelines.

Details: